| 000 | 00802cam a22002054a 4500 | ||
|---|---|---|---|
| 005 | 20250605163925.0 | ||
| 008 | 250528s ||||||||||||||||||||||||d | ||
| 035 | _a14529 | ||
| 020 | _a871402181 | ||
| 040 |
_aGR-AtMCL _bgre _dGR-AtMCL _eAACR2 |
||
| 245 | 1 | _aGestalt Psychology / An Introduction to New Concepts in Modern Psychology | |
| 260 | _c1992 | ||
| 300 | _a376 | ||
| 520 | _aThe Definitive Statement of the Gestalt Theory. A Discussion of Behaviorism, Psychology as a Young Science, A Criticism of Introspection, Dynamics as Opposed to Machine Theory, Sensory Organization, The Characteristics of Organized Entities, Behavior, Association, Recall, Insight, Index. | ||
| 700 | 1 |
_aKohler Wolfgang _9234 |
|
| 700 | 1 |
_aLiveright _9235 |
|
| 942 | _cBK | ||
| 999 |
_c156 _d156 |
||